| 000 | 01375nam a22002777a 4500 | ||
|---|---|---|---|
| 999 |
_c158641 _d158641 |
||
| 005 | 20190805115318.0 | ||
| 010 | _aENG-124462-63 B-728448-449 | ||
| 020 |
_a9789353062248(v.1) _c350.00 |
||
| 020 |
_a9789353062255(v.2) _c350.00 |
||
| 035 | _aEN-107994-95 | ||
| 035 | _aB-728448-449 | ||
| 037 | _bRK Books | ||
| 037 | _bDBAD/PUB | ||
| 082 | _a570 | ||
| 100 | _aRajiv Vijay | ||
| 245 |
_aObjective biology for NEET (National Eligibility Cum Entrance Test) and other medical entrance examinations / _cby Rajiv Vijay ; edited by Nandini Basu [and] Vipin Kumar |
||
| 250 | _a3rd ed | ||
| 260 |
_aNoida (U.P.) _bPearson _c2019 |
||
| 270 |
_a15th Floor, Tower-B, World Trade Tower, Plot No.1, Block-C, Sector 16 _bNoida, U.P. _e201301 |
||
| 300 |
_a2v.(various pagings ; various pagings): _c24cm(pbk) _bill. |
||
| 505 | _av.1- Diversity in the living world, structural organization in plants and animals, cell: structures and functions, plant physiology, human physiology ; v.2- Reproduction, genetics and evolution, Biology in human welfare, Biotechnology, Ecology. | ||
| 700 | _aBasu, Nandini | ||
| 700 | _aVipin Kumar | ||
| 942 |
_2ddc _cEN _h570 _mRAJ |
||